书目信息 |
| 题名: |
怎样欣赏书法篆刻
|
|
| 作者: | 剑君 主编 | |
| 分册: | 18 | |
| 出版信息: | 北京 北京燕山出版社 2006 |
|
| 页数: | 96页 | |
| 开本: | 21cm | |
| 丛书名: | 青少年文化艺术修养全书 | |
| 单 册: | ||
| 中图分类: | J292.11 , J292.4 | |
| 科图分类: | ||
| 主题词: | 法书--鉴赏--中国--青年读物 , 篆刻--鉴赏--中国--青年读物 | |
| 电子资源: | ||
| ISBN: | 7-5402-0799-X | |
| 000 | 00854oam2 2200265 450 | |
| 001 | 1552921538 | |
| 005 | 20150129144358.85 | |
| 010 | @a7-5402-0799-X@dCNY4.80 | |
| 100 | @a20070921d2006 em y0chiy50 ea | |
| 101 | 0 | @achi |
| 102 | @aCN@b110000 | |
| 105 | @ay z 000yy | |
| 200 | 1 | @a怎样欣赏书法篆刻@9zen yang xin shang shu fa zhuan ke@h18@f剑君主编 |
| 210 | @a北京@c北京燕山出版社@d2006 | |
| 215 | @a96页@d21cm | |
| 225 | 2 | @a青少年文化艺术修养全书@v18 |
| 330 | @a本书具体内容包括篆书介绍与欣赏、隶书介绍与欣赏、楷书介绍与欣赏、行书介绍与欣赏、篆刻介绍与欣赏等。 | |
| 461 | 0 | @12001 @a青少年文化艺术修养全书 |
| 606 | 0 | @a法书@x鉴赏@y中国@j青年读物 |
| 606 | 0 | @a篆刻@x鉴赏@y中国@j青年读物 |
| 690 | @aJ292.11@v5 | |
| 690 | @aJ292.4@v5 | |
| 701 | 0 | @a剑君@9jian jun@4主编 |
| 801 | 0 | @aCN@bTSSF@c20150129 |
| 905 | @aZUCC@dJ292.11@eJY3:18 | |
| 怎样欣赏书法篆刻.18/剑君主编.-北京:北京燕山出版社,2006 |
| 96页;21cm.-(青少年文化艺术修养全书;18) |
| ISBN 7-5402-0799-X:CNY4.80 |
| 本书具体内容包括篆书介绍与欣赏、隶书介绍与欣赏、楷书介绍与欣赏、行书介绍与欣赏、篆刻介绍与欣赏等。 |
| ● |
| 相关链接 |
|
|
|
|
正题名:怎样欣赏书法篆刻
索取号:J292.11/JY3:18
 
预约/预借
| 序号 | 登录号 | 条形码 | 馆藏地/架位号 | 状态 | 备注 |
| 1 | 7838652 | 278386523 | 学院路分馆/ [索取号:J292.11/JY3:18] | 在馆 | |
| 2 | 7838653 | 278386532 | 学院路分馆/ [索取号:J292.11/JY3:18] | 在馆 |